Top 10 Città più popolose Provincia di Lecco - Statistics

Statistiche generali
  • Questo quiz è stato fatto 59 volte
  • Il punteggio medio è 6 su 10
Statistiche sulle risposte
Popolazione (ab.) Città % Corretto
46 705 Lecco
100%
11 612 Valmadrera
76%
14 009 Calolziocorte
74%
14 583 Merate
71%
10 578 Mandello del Lario
69%
7 473 Colico
60%
8 750 Oggiono
55%
12 664 Casatenovo
50%
8 587 Galbiate
38%
8 579 Missaglia
36%
Nessun quiz corrispondente trovato
Distribuzione punteggi
Percentuale di utenti per punteggio
Percentile per numero di risposta
I tuoi punteggi nel tempo
Non hai fatto questo quiz